000 00519nam a2200193Ia 4500
005 20250923144901.0
008 008 250917s9999 xx 000 0 eng d
037 _aTextual
040 _aDSWL
_beng
_cDSWL
041 _aeng
_2eng
084 _aXM25 aN6, K3
_qDSWL
245 0 _aBibliography of Co-Operation
260 _aNew Delhi
_bDelhi Committee for Co-operat
_c1963
300 _a171p.
365 _aINR
_b3.50
925 _g3.50
942 _cTEXL
_hXM25 aN6, K3
999 _c1444556
_d1444556